Siamo ovunque : memoria omosessuale marchigiana /
Sábháilte in:
| Príomhchruthaitheoir: | |
|---|---|
| Rannpháirtithe: | , |
| Formáid: | LEABHAR |
| Teanga: | Iodáilis |
| Foilsithe / Cruthaithe: |
Fano :
Aras,
2019
|
| Sraith: | Le noci ;
3 |
| Clibeanna: |
Níl clibeanna ann, Bí ar an gcéad duine le clib a chur leis an taifead seo!
|
MARC
| LEADER | 00000nam a22000007i 4500 | ||
|---|---|---|---|
| 001 | IT\ICCU\URB\0935296 | ||
| 003 | ItRI | ||
| 005 | 20260124121930.0 | ||
| 008 | 190719s2019 it |||||| ||||| |||||c | ||
| 020 | |a 9788899913557 | ||
| 040 | |b ita |c C | ||
| 041 | 7 | |a ita |2 ISO-639-2 | |
| 100 | 1 | |a Cesari, Jacopo |0 IT\ICCU\URBV\398264 | |
| 240 | 1 | 0 | |a Siamo ovunque |9 Cesari, Jacopo |
| 245 | 1 | 0 | |a Siamo ovunque : |b memoria omosessuale marchigiana / |c Jacopo Cesari ; introduzione di Giovanni Dall'Orto e Franco Grillini ; testimonianza di Angelo Pezzana ; intervista a Gianni Vattimo. |
| 260 | |a Fano : |b Aras, |c 2019 | ||
| 300 | |a 318 p. : |b ill. ; |c 21 cm | ||
| 700 | 1 | |a Vattimo, Gianni |0 IT\ICCU\CFIV\000010 | |
| 700 | 1 | |a Grillini, Franco |0 IT\ICCU\LO1V\160213 | |
| 830 | 3 | |a Le noci ; |v 3 |0 IT\ICCU\NAP\0797189 | |
| 942 | |2 ddc |c BK | ||
| 952 | |0 0 |1 0 |2 ddc |4 0 |6 306_766094567000000_CES_SIA |7 0 |9 4220 |a AN |b AN |d 2025-05-06 |l 0 |o 306.766094567 CES SIA |p 11397 |r 2025-05-06 15:01:22 |w 2025-05-06 |y BK | ||
| 952 | |0 0 |1 0 |4 0 |6 DOC_306_766000000000000_CES |7 0 |9 21824 |a BO |b BO |d 2026-01-15 |i 19268 |l 0 |o DOC 306.766 CES |p BO19268 |r 2026-01-15 23:22:10 |w 2026-01-15 |x [Sebina 5] [1 v.] |y BK |z 1 v. | ||
| 999 | |c 943 |d 943 | ||